000 00374nam a22001697a 4500
003 MPLRDC
005 20220104143541.0
008 210129b ||||| |||| 00| 0 eng d
082 _a857.7 AS v.2
100 _a艾丝著
245 _a大骗局
_c
260 _a
_b环球出版社
_c
300 _b
490 _a艳情小说
650 _a
942 _cBK
_o857.7 AS v.2
999 _c41016
_d41006